[Event "18. Carlos Torre Wimbledon"]
[Site "Merida MEX"]
[Date "2005.12.20"]
[Round "2.1"]
[White "De la Paz, Frank"]
[Black "Gonzalez Zamora, Juan Carlos"]
[Result "1/2-1/2"]
[WhiteElo "2456"]
[BlackElo "2515"]
[PlyCount "106"]
[EventDate "2005.12.19"]
[EventType "k.o."]
[EventRounds "4"]
[EventCountry "MEX"]
[Source "lmi"]
[SourceDate "2005.12.23"]

1. e4 c5 2. Nf3 e6 3. d4 cxd4 4. Nxd4 a6 5. Nc3 Qc7 6. Be2 Nf6 7. O-O d6 8. a4
Be7 9. f4 Nc6 10. Kh1 Bd7 11. Nxc6 Bxc6 12. Bf3 O-O 13. Be3 b5 14. axb5 axb5
15. Rxa8 Rxa8 16. e5 dxe5 17. fxe5 Rd8 18. Qe1 Nd7 19. Bxc6 Qxc6 20. Bd4 b4 21.
Qf2 Rf8 22. Ne2 Qxc2 23. Rc1 Qa4 24. Nf4 Qb5 25. Qe2 Qxe2 26. Nxe2 Rd8 27. Rc7
Bf8 28. Kg1 g6 29. Rb7 Bg7 30. Rb5 h6 31. Kf2 Rb8 32. Ra5 Rb7 33. Kf3 Kh7 34.
Ke4 g5 35. g4 Kg6 36. h3 Rc7 37. Rb5 Bf8 38. Ke3 h5 39. Ng3 hxg4 40. hxg4 Bc5
41. Bxc5 Rxc5 42. Rxc5 Nxc5 43. Kd4 Nd7 44. Ne4 f5 45. exf6 Nxf6 46. Nxf6 Kxf6
47. b3 e5+ 48. Kd5 e4 49. Kxe4 Ke6 50. Kd4 Kd6 51. Ke4 Ke6 52. Kd4 Kd6 53. Ke4
Ke6 1/2-1/2

[Event "18. Carlos Torre Wimbledon"]
[Site "Merida MEX"]
[Date "2005.12.20"]
[Round "2.1"]
[White "Mitkov, Nikola"]
[Black "Vera, Reynaldo"]
[Result "1/2-1/2"]
[WhiteElo "2520"]
[BlackElo "2481"]
[PlyCount "107"]
[EventDate "2005.12.19"]
[EventType "k.o."]
[EventRounds "4"]
[EventCountry "MEX"]
[Source "lmi"]
[SourceDate "2005.12.23"]

1. e4 c5 2. Nc3 d6 3. f4 g6 4. Nf3 Bg7 5. Bc4 Nc6 6. O-O Nf6 7. d3 O-O 8. Qe1
Nd4 9. Bb3 a5 10. Ba4 Bd7 11. Bxd7 Nxd7 12. Qf2 a4 13. Nxd4 cxd4 14. Ne2 Qb6
15. f5 d5 16. Bg5 dxe4 17. Bxe7 exd3 18. cxd3 Rfe8 19. Ba3 Ne5 20. Nf4 Ng4 21.
Qf3 Ne3 22. fxg6 fxg6 23. Nd5 Qc6 24. Ne7+ Rxe7 25. Bxe7 Nxf1 26. Rxf1 Qxf3 27.
Rxf3 Bh6 28. g4 Be3+ 29. Kg2 Rc8 30. Ba3 b5 31. Kg3 Bd2 32. Bd6 Rc2 33. h4 Rxb2
34. Rf8+ Kg7 35. g5 Bb4 36. Bxb4 Rxb4 37. Rb8 Rb2 38. Kf4 Rxa2 39. Rxb5 Rh2 40.
Rb7+ Kg8 41. Rb8+ Kf7 42. Ke5 Rxh4 43. Ra8 Rg4 44. Ra7+ Kg8 45. Ra8+ Kg7 46.
Ra7+ Kg8 47. Ra8+ Kf7 48. Ra7+ Kf8 49. Kf6 Rf4+ 50. Ke6 Rf5 51. Ra8+ Kg7 52.
Ra7+ Kg8 53. Ra8+ Kg7 54. Ra7+ 1/2-1/2

[Event "18. Carlos Torre Wimbledon"]
[Site "Merida MEX"]
[Date "2005.12.20"]
[Round "2.2"]
[White "Gonzalez Zamora, Juan Carlos"]
[Black "De la Paz, Frank"]
[Result "0-1"]
[WhiteElo "2515"]
[BlackElo "2456"]
[PlyCount "72"]
[EventDate "2005.12.19"]
[EventType "k.o."]
[EventRounds "4"]
[EventCountry "MEX"]
[Source "lmi"]
[SourceDate "2005.12.23"]

1. Nf3 Nf6 2. c4 g6 3. g3 Bg7 4. Bg2 O-O 5. O-O d6 6. Nc3 Nc6 7. d3 Nh5 8. Bd2
f5 9. Rb1 f4 10. b4 e5 11. b5 Ne7 12. Ne4 Bg4 13. h3 Bd7 14. a4 h6 15. e3 fxg3
16. fxg3 Nf6 17. Nxf6+ Bxf6 18. e4 Bg7 19. Kh2 Kh7 20. Qc2 b6 21. a5 g5 22. Ng1
Ng6 23. Rxf8 Nxf8 24. Rf1 Qe7 25. Qd1 Ne6 26. Bf3 Nd4 27. Bg4 a6 28. Bxd7 Qxd7
29. bxa6 bxa5 30. Qh5 Kg8 31. h4 gxh4 32. Qxh4 a4 33. Nh3 a3 34. g4 a2 35. g5
a1=Q 36. Rf2 Qd1 0-1

[Event "18. Carlos Torre Wimbledon"]
[Site "Merida MEX"]
[Date "2005.12.20"]
[Round "2.2"]
[White "Vera, Reynaldo"]
[Black "Mitkov, Nikola"]
[Result "1/2-1/2"]
[WhiteElo "2481"]
[BlackElo "2520"]
[PlyCount "37"]
[EventDate "2005.12.19"]
[EventType "k.o."]
[EventRounds "4"]
[EventCountry "MEX"]
[Source "lmi"]
[SourceDate "2005.12.23"]

1. d4 Nf6 2. c4 e6 3. Nc3 Bb4 4. Qc2 d6 5. e3 O-O 6. Bd3 c5 7. Nge2 Nc6 8. O-O
h6 9. b3 Ba5 10. a3 cxd4 11. Nxd4 d5 12. Nf3 dxc4 13. Bxc4 a6 14. Bb2 b5 15.
Rfd1 Qe7 16. Bd3 Bb7 17. b4 Bb6 18. Rac1 Rac8 19. Qe2 1/2-1/2

[Event "18. Carlos Torre Wimbledon"]
[Site "Merida MEX"]
[Date "2005.12.20"]
[Round "2.3"]
[White "Vera, Reynaldo"]
[Black "Mitkov, Nikola"]
[Result "1/2-1/2"]
[WhiteElo "2481"]
[BlackElo "2520"]
[PlyCount "45"]
[EventDate "2005.12.19"]
[EventType "k.o."]
[EventRounds "4"]
[EventCountry "MEX"]
[Source "lmi"]
[SourceDate "2005.12.23"]

1. d4 Nf6 2. c4 e6 3. Nf3 d5 4. e3 Nc6 5. Nc3 a6 6. Bd3 Bb4 7. O-O O-O 8. h3 h6
9. a3 dxc4 10. Bxc4 Bd6 11. Qc2 e5 12. b4 Bd7 13. Bb2 exd4 14. exd4 Qc8 15. Ne4
Nxe4 16. Qxe4 Bf5 17. Qh4 Qd8 18. Qh5 Qf6 19. Rae1 Bg6 20. Qg4 Bf5 21. Qh5 Bg6
22. Qg4 Bf5 23. Qh5 1/2-1/2

[Event "18. Carlos Torre Wimbledon"]
[Site "Merida MEX"]
[Date "2005.12.20"]
[Round "2.4"]
[White "Mitkov, Nikola"]
[Black "Vera, Reynaldo"]
[Result "1-0"]
[WhiteElo "2520"]
[BlackElo "2481"]
[PlyCount "48"]
[EventDate "2005.12.19"]
[EventType "k.o."]
[EventRounds "4"]
[EventCountry "MEX"]
[Source "lmi"]
[SourceDate "2005.12.23"]

1. e4 c5 2. Nc3 g6 3. Nf3 Bg7 4. d4 cxd4 5. Nxd4 Nc6 6. Be3 d6 7. Bc4 Nf6 8. h3
O-O 9. Bb3 Na5 10. O-O b6 11. Bd5 Ba6 12. Bxa8 Bxf1 13. Nc6 Nxc6 14. Bxc6 Bc4
15. Qd4 Be6 16. Qa4 Qc7 17. Nd5 Nxd5 18. exd5 Bc8 19. c3 e5 20. dxe6 Bxe6 21.
Bf3 Rb8 22. Rd1 Be5 23. Bd5 Qd7 24. Bb3 Re8 1-0

[Event "18. Carlos Torre Wimbledon"]
[Site "Merida MEX"]
[Date "2005.12.21"]
[Round "3.1"]
[White "De la Paz, Frank"]
[Black "Krasenkow, Michal"]
[Result "0-1"]
[WhiteElo "2456"]
[BlackElo "2655"]
[PlyCount "58"]
[EventDate "2005.12.19"]
[EventType "k.o."]
[EventRounds "4"]
[EventCountry "MEX"]
[Source "lmi"]
[SourceDate "2005.12.23"]

1. e4 g6 2. d4 Bg7 3. Nc3 c6 4. f4 d5 5. e5 Qb6 6. Na4 Qc7 7. Be2 Nh6 8. g4 f6
9. h3 Nf7 10. Nf3 g5 11. Qd3 gxf4 12. Bxf4 fxe5 13. Nxe5 Nxe5 14. Bxe5 Bxe5 15.
dxe5 Qxe5 16. O-O Na6 17. Rae1 Nb4 18. Qb3 Nxc2 19. Qxc2 Qg3+ 20. Kh1 Qxh3+ 21.
Kg1 Qg3+ 22. Kh1 Qh4+ 23. Kg1 Rg8 24. Bf3 Bxg4 25. Bg2 Bh3 26. Re2 O-O-O 27.
Rff2 Rd6 28. Nc3 Bxg2 29. Rxg2 Rxg2+ 0-1

[Event "18. Carlos Torre Wimbledon"]
[Site "Merida MEX"]
[Date "2005.12.21"]
[Round "3.1"]
[White "Mitkov, Nikola"]
[Black "Bruzon Bautista, Lazaro"]
[Result "0-1"]
[WhiteElo "2520"]
[BlackElo "2677"]
[PlyCount "94"]
[EventDate "2005.12.19"]
[EventType "k.o."]
[EventRounds "4"]
[EventCountry "MEX"]
[Source "lmi"]
[SourceDate "2005.12.23"]

1. e4 e5 2. Bc4 Nf6 3. d3 Nc6 4. Nc3 Na5 5. Nge2 Be7 6. O-O O-O 7. a4 Nxc4 8.
dxc4 d6 9. b3 Be6 10. f4 exf4 11. Nxf4 Nd7 12. Ncd5 Bxd5 13. Nxd5 c6 14. Ne3
Bf6 15. Rb1 Nc5 16. Nf5 Nxe4 17. Qg4 Re8 18. Bh6 g6 19. Rbd1 Re6 20. h3 Kh8 21.
Ne3 Qe7 22. Qf3 Bg5 23. Ng4 Bxh6 24. Nxh6 f5 25. g4 Qg7 26. Qe3 Rae8 27. Kh1 f4
28. Qxf4 Rf6 29. Qxf6 Nxf6 30. g5 Rf8 31. Rxd6 Ne8 32. Rxf8+ Qxf8 33. Rd7 Qf1+
34. Kh2 Qf2+ 35. Kh1 Qe1+ 36. Kg2 Qe2+ 37. Kg1 Qe3+ 38. Kh2 Qe5+ 39. Kh1 Qe6
40. Rxb7 Nd6 41. Rb8+ Nc8 42. Rb7 c5 43. Nf7+ Kg8 44. Nh6+ Kf8 45. Rxh7 Qxh3+
46. Kg1 Qg3+ 47. Kf1 Nd6 0-1